Govt. of
Madhya Pradesh

The Living (Record no. 2992)

MARC details
000 -LEADER
fixed length control field 003150000a22001450004500
003 - CONTROL NUMBER IDENTIFIER
control field MACL
040 ## - CATALOGING SOURCE
Original cataloging agency MACL
090 ## - LOCALLY ASSIGNED LC-TYPE CALL NUMBER (OCLC); LOCAL CALL NUMBER (RLIN)
-- 3014
-- 3014
100 ## - MAIN ENTRY--PERSONAL NAME
Personal name Bilgrami, K. S.
245 ## - TITLE STATEMENT
Title The Living
Remainder of title Ganga
260 ## - PUBLICATION, DISTRIBUTION, ETC. (IMPRINT)
Name of publisher, distributor, etc. Narendra Publishing House
Date of publication, distribution, etc. 1991
650 ## - SUBJECT ADDED ENTRY--TOPICAL TERM
Topical term or geographic name as entry element Economics
942 ## - ADDED ENTRY ELEMENTS (KOHA)
Koha item type Library Membar
Call number prefix 333.73
951 ## - EQUIVALENCE OR CROSS-REFERENCE--GEOGRAPHIC NAME/AREA NAME [OBSOLETE] [CAN/MARC only]
-- 333.73 BOOK

No items available.